Lengua española (Record no. 123501)

MARC details
000 -LEADER
campo de control de longitud fija 00694nam a2200205 4500
001 - NÚMERO DE CONTROL
campo de control 123501
003 - IDENTIFICADOR DE NÚMERO DE CONTROL
campo de control ES-MaACL
005 - FECHA Y HORA DE LA ÚLTIMA TRANSACCIÓN
campo de control 20251011063129.0
007 - CAMPO FIJO DE DESCRIPCIÓN FÍSICA--INFORMACIÓN GENERAL
campo de control de longitud fija t|
008 - DATOS DE LONGITUD FIJA--INFORMACIÓN GENERAL
campo de control de longitud fija 070214s1971 sp r ||||1| spa d
100 1# - ENTRADA PRINCIPAL--NOMBRE DE PERSONA
Nombre de persona Quilis, Antonio,
Fechas asociadas al nombre 1933-2003
9 (RLIN) 94630
245 10 - MENCIÓN DEL TÍTULO
Título Lengua española
Resto del título : iniciación universitaria /
Mención de responsabilidad, etc. Antonio Quilis, César Hernández, Víctor G. de la Concha.
250 ## - MENCION DE EDICION
Mención de edición 1ª. ed.
260 ## - PUBLICACIÓN, DISTRIBUCIÓN, ETC.
Lugar de publicación, distribución, etc. Valladolid :
Nombre del editor, distribuidor, etc. [s.n.],
Fecha de publicación, distribución, etc. 1971 (
Fabricante Industrial Lit.)
300 ## - DESCRIPCIÓN FÍSICA
Extensión 382 p., 4 lám. ;
Dimensiones 22 cm.
700 1# - ENTRADA AGREGADA--NOMBRE PERSONAL
Nombre de persona Hernández, César.
9 (RLIN) 62795
700 1# - ENTRADA AGREGADA--NOMBRE PERSONAL
Nombre de persona García de la Concha, Víctor,
Fechas asociadas al nombre 1934-
9 (RLIN) 54440
852 ## - LOCALIZACIÓN
Ubicación ES-MaACL
Número de control de estantería C-42265
Sublocalización o colección R.80635
Holdings
Estatus retirado Estado de pérdida Estado de daño No para préstamo Biblioteca de origen Biblioteca actual Ubicación en estantería Fecha de adquisición Fuente de adquisición Total de préstamos Signatura topográfica completa Código de barras Visto por última vez Precio de reemplazo Tipo de ítem Koha
        Biblioteca del Ateneo de Madrid Biblioteca del Ateneo de Madrid Depósito 2 17/01/2008     C-42265 1128675 23/02/2023 23/02/2023 Libro impreso